000 01446nam a22003377i 4500
999 _c65395
_d65395
001 768714001
003 CO-MdFUSB
005 20200221153015.0
007 Texto
008 200221t1994 xxu |||| |||| 00| 0 eng d
020 _a0700701710
040 _aCO-MdFUSB
_bspa
_cCO-MdFUSB
_dCO-MdFUSBC
_erda
041 _aeng
082 _223
_a294.3
_bH927s
100 _aHumphreys, Christman.
_eautor
245 1 _aStudies in the middle way :
_bbeing thoughts on Buddhism applied
_c/ Christman Humphreys
250 _aCuarta edición
264 1 _a[Lugar de publicación no identificado]
_bCurzon Press,
_c[1994]
264 4 _c© 1994
300 _a169 páginas
_c; 22 cm
336 _2rdacontent
_atexto
_btxt
337 _2rdamedia
_asin mediación
_bn
338 _2rdacarrier
_avolumen
_bnc
490 _aCurzon Paperbacks
505 _aLas ramas del árbol. -- El río del devenir. -- No niegues nada -afirma todo. -- Yo como el señor de mi mismo.-- Uso y abuso de circunstancias. -- En alabanza del dolor. -- El camino del medio.-- Dana: el arte de dar. -- Moralidad budista. -- ¿Por qué tenemos miedo?. --Budismo y Dios. -- Bhavana-y yo. iluminación. -- La doctrina de la inmediatez. --Theravada y Zen. -- La cabeza y el corazón. -- Budismo y psicología. --Teosofía y budismo.
563 _aRústico
650 0 _9960
_aCristianismo y otras religiones
_xBudismo
942 _cBK
945 _aJTF-925